Wszystkie miasta na Kaszubach na mapie - Statystyki

Ogólne statystyki
  • Ten quiz został rozwiązany 213 razy
  • Średni wynik to 18 z 27
Odpowiedzi na mapie
Odpowiedzi zakodowano w zielono-czerwonej skali na mapie do tego quizu, zgodnie z poniższymi procentami.
 
Statystyki odpowiedzi
Gard Lëdztwò % Poprawnych
Gduńsk 486022
98%
Gdyniô 245222
98%
Sopòt 32962
98%
Hél 2975
96%
Stołpskò|Słëpskò 85580
89%
Wiôlgô Wies 9613
86%
Wejrowò 47357
84%
Pùck 10868
82%
Réda 28190
82%
Jastarniô 2665
81%
Rëmiô 51879
80%
Łeba 3036
73%
Chònice 39275
72%
Lãbórg 34500
70%
Ùszcz 14088
70%
Kòscérzna 23723
68%
Kartuzë 14204
67%
Bëtowò 16739
63%
Człëchòwò 12650
51%
Żukòwò 6652
49%
Miastkò 9154
41%
Czersk 9572
37%
Brusë 5146
34%
Kòbëlnica 4843
30%
Hamersztëno 5472
28%
Prësczi Frédląd| Debrzno 4722
22%
Kãpice 3225
21%
Nie znaleziono quizów pasujących do podanych kryteriów
Rozkład punktacji
Procent ludzi z każdym wynikiem
Percentyl według liczby udzielonych odpowiedzi
Twoja historia wyników
Nie rozwiązałeś tego quizu